Liberty Island / Virginia Hume.
Available copies
- 2 of 2 copies available at LARL/NWRL Consortium.
- 2 of 2 copies available at Lake Agassiz Regional Library. (Show preferred library)
Current holds
0 current holds with 2 total copies.
Show Only Available Copies
| Location | Call Number / Copy Notes | Barcode | Shelving Location | Status | Due Date |
|---|---|---|---|---|---|
| Bagley Public Library | HUM (Text) | 33500014388433 | New | Available | - |
| Breckenridge Public Library | HUM (Text) | 33500014388441 | New | Available | - |
Record details
- ISBN: 9781250285645
- ISBN: 125028564X
- Physical Description: 314 pages ; 25 cm
- Edition: First edition.
- Publisher: New York : St. Martin's Press, 2026.
Content descriptions
| Bibliography, etc. Note: | Includes bibliographical references (pages ... Read More |
| Summary, etc.: | "1900: 28-year-old Anna Bradley spends summer days ... Read More |
Search for related items by subject
| Subject: | Women authors > Fiction. Women > Social conditions > Fiction. Friendship > Fiction. Maine > Fiction. Islands > Fiction. United States > History > 1901-1953 > Fiction. |
| Genre: | Historical fiction. Domestic fiction. Historical fiction. Domestic fiction. Historical fiction. Novels. |
| LDR | 04870cam a22006618i 4500 | ||
|---|---|---|---|
| 001 | 482082 | ||
| 003 | LARL_NWRL_CONSORTIUM | ||
| 005 | 20260602170537.0 | ||
| 008 | 260223s2026 nyu e 000 1 eng | ||
| 010 | . | ‡a 2026007311 | |
| 040 | . | ‡aDLC ‡beng ‡erda ‡cDLC ‡dOCLCO ‡dIG# ‡dOCLCO ‡dOQX ‡dOCLCO ‡dRNL ‡dTWA ‡dOCLCO ‡dIUK ‡dTH8 ‡dZGR ‡dYU6 ‡dOCLCO | |
| 020 | . | ‡a9781250285645 ‡q(hardcover) | |
| 020 | . | ‡a125028564X ‡q(hardcover) | |
| 020 | . | ‡z9781250285652 ‡q(ebook) | |
| 035 | . | ‡a(OCoLC)1532409482 | |
| 042 | . | ‡apcc | |
| 082 | 0 | 0. | ‡a813/.6 ‡223/eng/20260223 |
| 100 | 1 | . | ‡aHume, Virginia, ‡eauthor. ‡4aut ‡4http://id.loc.gov/vocabulary/relators/aut ‡1https://id.oclc.org/worldcat/entity/E39PCjFYcWCFWhkkKh39d6QFDq ‡1http://id.loc.gov/rwo/agents/n2020071006 |
| 245 | 1 | 0. | ‡aLiberty Island / ‡cVirginia Hume. |
| 250 | . | ‡aFirst edition. | |
| 264 | 1. | ‡aNew York : ‡bSt. Martin's Press, ‡c2026. | |
| 300 | . | ‡a314 pages ; ‡c25 cm | |
| 334 | . | ‡asingle unit ‡bmono ‡0http://id.loc.gov/vocabulary/issuance/mono | |
| 336 | . | ‡atext ‡btxt ‡2rdacontent ‡0http://id.loc.gov/vocabulary/contentTypes/txt | |
| 337 | . | ‡aunmediated ‡bn ‡2rdamedia ‡0http://id.loc.gov/vocabulary/mediaTypes/n | |
| 338 | . | ‡avolume ‡bnc ‡2rdacarrier ‡0http://id.loc.gov/vocabulary/carriers/nc | |
| 504 | . | ‡aIncludes bibliographical references (pages [308]-312). | |
| 520 | . | ‡a"1900: 28-year-old Anna Bradley spends summer days supervising three little girls, including her niece, Julia Demarest, on an island off the coast of Haven Point, Maine. There, the girls run free, pretending to be all the things society says they cannot: pirates and rum runners, treasure hunters and Roughriders. A college graduate determined to remain unmarried, Anna is eager to establish herself independently. Inspired by the summer antics of Julia and her friends, Anna writes "Liberty Island"--a depiction of girls unshackled from the domestic sphere--under a pen name. Young readers are rhapsodic, and it is a runaway bestseller, but it's not well received by the society matrons in her sister's circle, who believe that books for girls should prepare them for their future as wives and mothers. With "Liberty Island" growing in popularity, Anna's secret is in peril, and when she's suddenly thrown together with the former object of her affections, she must rethink everything she thought she knew about independence, marriage, and her dreams for her future. 1922: 29-year-old Julia Demarest was once proud of her aunt's "Liberty Island" books. But as new, bohemian ideas take hold amongst her peers, she has come to see them as quaint, at best. In hindsight, her childhood summers on the island seem like more of an exile than a liberation, and her Boston Brahmin family--particularly her mother, Elizabeth Demarest--like relics of an unlamented past. But in an effort to break free of expectations, she has ended up alienated from her family and heartbroken when a romantic entanglement with a free-spirited intellectual ends badly. When Elizabeth urgently calls her back to Haven Point, Julia is confronted by all the things she's been trying to escape, and forced to reconsider what truly brings her happiness. A sweeping saga set in the first tumultuous decades of the twentieth century, Liberty Island is an ode to mothers and daughters, love, friendship, and the ways in which women define freedom on their own terms"-- Provided by publisher. | |
| 650 | 0. | ‡aWomen authors ‡vFiction. ‡0(LARL_NWRL_CONSORTIUM)167920 | |
| 650 | 0. | ‡aWomen ‡xSocial conditions ‡vFiction. | |
| 650 | 0. | ‡aFriendship ‡vFiction. ‡0(LARL_NWRL_CONSORTIUM)164944 | |
| 651 | 0. | ‡aMaine ‡vFiction. ‡0(LARL_NWRL_CONSORTIUM)166017 | |
| 650 | 0. | ‡aIslands ‡vFiction. ‡0(LARL_NWRL_CONSORTIUM)165223 | |
| 651 | 0. | ‡aUnited States ‡xHistory ‡y1901-1953 ‡vFiction. | |
| 655 | 0. | ‡aHistorical fiction. | |
| 655 | 0. | ‡aDomestic fiction. | |
| 655 | 7. | ‡aHistorical fiction. ‡2gsafd | |
| 655 | 7. | ‡aDomestic fiction. ‡2gsafd | |
| 655 | 7. | ‡aHistorical fiction. ‡2lcgft | |
| 655 | 7. | ‡aNovels. ‡2lcgft | |
| 758 | . | ‡1http://id.loc.gov/resources/instances/in00024480343 | |
| 758 | . | ‡4http://id.loc.gov/ontologies/bibframe/instanceOf ‡1http://id.loc.gov/resources/works/in00024480343 | |
| 884 | . | ‡aDLC bibframe2marc v3.1-dev ‡g20260223 ‡qDLC ‡uhttps://github.com/lcnetdev/bibframe2marc/tree/v3.1-dev | |
| 901 | . | ‡a482082 ‡bOCoLC ‡c482082 ‡tbiblio ‡soclc | |

Add to basket
Permalink
Disable Highlighting